000 01656nam0a2200349 4500
001 RU\NLR\bibl\1835966
005 20260607054053.0
010 _a978-5-09-026509-6
_95000
021 _aRU
_b2011-84096
_95989
035 _a(NLR Aleph) 001826452
090 _a2077829
_c2077829
100 _a20111117d2012 |||y0rusy50 ca
101 0 _arus
102 _aRU
105 _aa |||||||||
200 1 _aВнеурочная деятельность учащихся
_iВолейбол
_eпособие для учителей и методистов
_fГ.А. Колодницкий, В.С. Кузнецов, М.В. Маслов
205 _a2-е изд.
210 _aМосква
_cПросвещение
_d2012
215 _a77 с.
_cил.
_d22
225 1 _aРаботаем по новым стандартам
606 1 _aВолейбол
_jРуководства, пособия и т.п.
_xВнеучебная работа
_xСредняя школа
_92629645
_3RU\NLR\auth\661566205
686 _aЧ426.73-38я7
700 1 _aКолодницкий
_bГ. А.
_gГеоргий Александрович
_4070
701 1 _4070
_7ca
_8rus
_aКузнецов
_bВ. С.
_cканд. пед. наук, физкультура
_gВасилий Степанович
_920791
_3RU\NLR\auth\7737803
701 1 _4070
_7ca
_8rus
_aМаслов
_bМ. В.
_cпедагог, основы безопасности жизнедеятельности
_gМихаил Викторович
_944286
_3RU\NLR\auth\7761356
801 0 _aRU
_bNLR
_c20111117
_gRCR
801 1 _aRU
_bNLR
_c20111117
942 _cBOOK
980 _aNB
980 _aNBR